000 01052cam a2200241 4500
001 316
005 20181127161301.0
008 090714s2009 at ab b 001 0 eng
010 _a 2009311749
020 _a9781876344597
043 _aa-bt---
100 1 _aFischer, Tim,
_d1946-
245 1 0 _aFrom Jesuits to jetsetters: Bold Bhutan beckons :
_binhaling gross national happiness /
_cTim Fischer & Tshering Tashi.
246 _aSpine title: Bold Bhutan beckons.
_b
_f
_h
_i
_n
_p
260 _aBrisbane, Australia :
_bCopyright Pub. Co.,
_c2009.
300 _aviii, 360 p. :
_bill. (some col.), maps ;
_c25 cm.
504 _aIncludes bibliographical references (p. 347-350) and index.
520 _aOn the social, cultural, political, religious, historical, and economic life of the people of Bhutan; covers the period, 15th to 20th century; includes accounts of the travels of the authors to the country.
600 1 0 _aFischer, Tim,
_d1946-
_xTravel
_zBhutan.
600 1 0 _aTshering, Tashi
_xTravel
_zBhutan.
651 0 _aBhutan.
700 1 _aTshering Tashi.
999 _c280
_d280